Elecciones de transición: casos de Guatemala y Nicaragua /
En Centroamérica, las elecciones han sido usadas con frecuencia para convalidar dictaduras militares o intervenciones extranjeras, o bien, para justificar una dictadura militar bosquejada por la presencia de una fachada civil. Se analizan los procesos electorales en Guatemala y Nicaragua durante del...
Guardado en:
| Hovedforfatter: | |
|---|---|
| Format: | Texto |
| Fag: | |
| Tags: |
Tilføj Tag
Ingen Tags, Vær først til at tagge denne postø!
|
MARC
| LEADER | 00000 a a2200000 04500 | ||
|---|---|---|---|
| 001 | 12756 | ||
| 003 | |||
| 040 | |||
| 100 | |a Jonas Bodenheimer, Susanne | ||
| 245 | |a Elecciones de transición: |b casos de Guatemala y Nicaragua / |c Susanne Jonas Bodenheimer | ||
| 520 | |a En Centroamérica, las elecciones han sido usadas con frecuencia para convalidar dictaduras militares o intervenciones extranjeras, o bien, para justificar una dictadura militar bosquejada por la presencia de una fachada civil. Se analizan los procesos electorales en Guatemala y Nicaragua durante del siglo XX, debido a que ambos países celebraron elecciones democráticas, por primera vez, después de una intensa vida militar. Se habla también de la política exterior de EEUU. hacia estas naciones. SM/EL | ||
| 650 | |a ELECCIONES | ||
| 650 | |a SISTEMAS POLITICOS | ||
| 650 | |a INTERVENCION EXTRANJERA | ||
| 650 | |a MILITARISMO | ||
| 650 | |a DEMOCRACIA | ||
| 773 | |g número 6; páginas 3-15 | ||
| 999 | |c 21366 |d 21366 | ||
